000 00581nam a2200217Ia 4500
003 GCL
008 140319s9999 xx 000 0 eng d
040 _aGCL /
_cGCL
082 0 4 _a540
_bM F
100 1 _aMAHAPATRA, S.C
245 1 0 _aFUNDAMENTALS OF CHEMISTRY: VAL 1.2ND ED /
_cMAHAPATRA, S.C
700 1 _aMISRA, BIDYABATI
260 _a[S.N] :
_bWISHWA PRAKASHAN ،
_c1993
300 _a703 P
650 0 4 _aCHEMICAL BONDS
650 0 4 _aCHEMISTRY
650 0 4 _aCHEMICAL EQUILIBRIUM
650 0 4 _aCHEMICAL EQUATIONS
650 0 4 _aCHEMICAL COMBINATION
942 _2ddc
_cBK
999 _c20549
_d20549